000 01455nam a2200349 i 4500
001 768714001
003 CO-MdFUSB
005 20260421152410.0
007 ta
008 241027t2009 sp a|||| |||| 001 0 spa d
020 _a978-84-8267-551-0
040 _bspa.
_aCO-MdFUSB
_cCO-MdFUSB
_dCO-MdFUSBC
_erda
041 _aspa
082 _223
_a248.4
_bT266
100 _aTeja, Gary,
_eautor
245 _aFormación espiritual
_c/ Gary Teja
264 1 _aBarcelona, España :
_bClie,
_c[2009]
264 4 _bFacultad Latinoamericana de Estudios Teológicos,
_c[2009]
300 _a244 páginas
_b: ilustraciones
_c; 21 cm
336 _2rdacontent
_atexto
_btxt
337 _2rdamedia
_asin mediación
_bn
338 _2rdacarrier
_avolumen
_bnc
500 _aIncluye índice, guía de estudio, ilustraciones
505 _aLa formación espiritual -- Las bases bíblicas y teológicas de la formación espiritual -- Una introducción a las disciplinas espirituales -- Las disciplinas espirituales (primera parte) -- Las disciplinas espirituales (segunda parte) -- La formación espiritual y los estilos de personalidad -- La mentoría en la formación espiritual -- Obstáculos en la formación espiritual.
563 _aRústico
650 7 _aEducación cristiana
_9349
653 _aFormación espiritual
653 _aVida espiritual — Cristianismo
653 _aDisciplinas espirituales
942 _cBK
945 _aCatherine Arias Alvarez
999 _c71112
_d71112